000 00942nam a22002657a 4500
005 20240530110345.0
008 141201s2008 ua bdo f b 000 0 ara d
040 _aEG-CaGPL
041 0 _aara
082 0 4 _221
_a551.6/
_bف م
100 0 _aفتحى عبدالعزيز ابوراضى
245 1 2 _aالمناخ والبيئة :
_bومشكلاتها المعاصرة /
_cفتحى عبدالعزيز ابوراضى
250 _aط1
260 _aالاسكندرية :
_bدار المعرفة الجامعية ،
_c2008
300 _a350 ص :
_bايض ؛
_c24 سم
504 _aببليوجرافية : ص345 - 350
650 0 4 _aالمناخ
650 0 4 _aالاحتباس الحرارى
650 0 4 _aالرطوبة
650 0 4 _aتلوث الهواء
650 0 4 _aالتغيرات المناخية
650 0 4 _aالمناخ
_xالجوانب الصحية
942 _2ddc
_cBK
999 _c59954
_d59954